00496nam a2200193 a 4500001001300000003000900013005001700022008004100039020002300080082001600103100001600119245002600135260002400161300000900185500003500194505001700229650004000246700001600286nice12345678IN_TiNIC20260116012807.0050524s1983 gena grp 000 0 eng  a282540X c10000a261.52bLOW aLowe, Kathy aOpening Eyes and Ears aGeneva bWCC c1983 a118p aincludes index and biblioraphy2 aAbbriviation aCommunication-Religious Aspects-Chr1 aLowe, Kathy